00703nam a2200241 a 4500001001300000003000900013005001700022008004100039020001000080082001900090100003000109245002000139260003600159300000800195500003500203505001900238650002200257700003000279902000800309942000700317952012000324999001700444nice12345678IN_TiNIC20260116013907.0050524s1912 teha grp 000 0 per  ac10000a500.80297bTON aToni, Shaikh Mohd Hussain aHikmat-E-Qadeem aTehranbTehran Universityc1912 a140 aincludes index and biblioraphy2 aArabic-English aIslam and Science1 aToni, Shaikh Mohd Hussain bSRS cBK 001040708StackRoom-aHMIbHMId2007-06-11g100.00l0o500.80297 TONp015619r2007-06-11v100.00w2005-05-24yBK c12992d12992